[Event "COL-ch U14"]
[Site "Barranquilla"]
[Date "2024.04.14"]
[Round "6"]
[White "Rueda Rojas, Richard Alejandro"]
[Black "Garzon Camelo, Andres Santiago"]
[Result "1/2-1/2"]
[WhiteElo "1957"]
[BlackElo "2087"]
[PlyCount "20"]
[EventDate "2024.04.11"]
[EventType "swiss"]
[EventRounds "7"]
[EventCountry "COL"]
[SourceTitle "CB18_2024"]
[SourceDate "2024.05.01"]
[SourceVersion "1"]
[SourceVersionDate "2024.05.01"]
[SourceQuality "2"]

1. Nf3 Nf6 2. c4 e6 3. g3 d5 4. Bg2 d4 5. 0-0 c5 6. b4 cxb4 7. a3 Nc6 8. Bb2 bxa3 9. Nxa3 Bc5 10. e3 0-0 1/2-1/2

[Event "COL-ch sf"]
[Site "Pereira"]
[Date "2024.03.29"]
[Round "7"]
[White "Ayala Delgado, Sergio Alejandro"]
[Black "Rueda Rojas, Richard Alejandro"]
[Result "1/2-1/2"]
[WhiteElo "2089"]
[BlackElo "1921"]
[PlyCount "150"]
[EventDate "2024.03.26"]
[EventType "swiss"]
[EventRounds "11"]
[EventCountry "COL"]
[SourceTitle "CB14_2024"]
[SourceDate "2024.04.01"]
[SourceVersion "1"]
[SourceVersionDate "2024.04.01"]
[SourceQuality "1"]

1. e4 e6 2. d4 d5 3. Bd3 dxe4 4. Bxe4 Nf6 5. Bf3 c5 6. Ne2 Nc6 7. Be3 cxd4 8. Nxd4 Ne5 9. Nc3 Bb4 10. Ndb5 Nxf3+ 11. Qxf3 Nd5 12. 0-0 Nxe3 13. Qxe3 a6 14. Qf4 0-0 15. Qxb4 axb5 16. Rfd1 Qf6 17. Rd6 Qf5 18. Rad1 h6 19. R6d3 b6 20. Nxb5 Rxa2 21. Na3 Ba6 22. R3d2 Bb7 23. Qb3 Qg5 24. f3 Ra1 25. Rxa1 Qxd2 26. Qxb6 Ba8 27. Qf2 Qb4 28. c3 Qb3 29. Qc2 Qb6+ 30. Kh1 Rd8 31. Qe2 Bc6 32. Nc4 Qb5 33. Re1 Bb7 34. Ne3 Qe5 35. h3 Qf4 36. Qc4 Qg3 37. Qe2 Qf4 38. c4 Qe5 39. Ng4 Qd4 40. Ne5 Qc5 41. Nxf7 Kxf7 42. Qxe6+ Kf8 43. Re5 Bc8 44. Rxc5 Bxe6 45. Rc6 Kf7 46. b4 Rd4 47. Rc7+ Kf6 48. b5 Rxc4 49. Rb7 Rb4 50. b6 Bd5 51. Rd7 Be6 52. Rb7 h5 53. Rb8 Kg5 54. Kh2 h4 55. b7 Bd5 56. f4+ Kg6 57. Rh8 Bxb7 58. Rxh4 Rb2 59. Rg4+ Kf6 60. Rg5 Rf2 61. Rg4 g6 62. Kg1 Rd2 63. Rg5 Be4 64. Kf1 Rd4 65. Kf2 Bd5 66. g3 Be6 67. h4 Rd2+ 68. Ke3 Rh2 69. Kf3 Bd7 70. Rc5 Bh3 71. Rc6+ Kg7 72. Rc7+ Kf6 73. g4 Rg2 74. Rc6+ Kg7 75. Rc7+ Kg8 1/2-1/2

[Event "COL-ch sf"]
[Site "Pereira"]
[Date "2024.03.27"]
[Round "3"]
[White "Cardona Duque, Juan Esteban"]
[Black "Rueda Rojas, Richard Alejandro"]
[Result "0-1"]
[WhiteElo "1741"]
[BlackElo "1921"]
[PlyCount "82"]
[EventDate "2024.03.26"]
[EventType "swiss"]
[EventRounds "11"]
[EventCountry "COL"]
[SourceTitle "CB14_2024"]
[SourceDate "2024.04.01"]
[SourceVersion "1"]
[SourceVersionDate "2024.04.01"]
[SourceQuality "1"]

1. c4 c5 2. g3 g6 3. Bg2 Bg7 4. Nf3 Nc6 5. 0-0 e6 6. e3 Nge7 7. Nc3 0-0 8. Qe2 d5 9. d3 b6 10. Rd1 Bb7 11. e4 Nd4 12. Nxd4 cxd4 13. Nb5 dxc4 14. dxc4 a6 15. Na3 Nc6 16. e5 Qc7 17. f4 Rfd8 18. Nc2 Bf8 19. a3 Bc5 20. Qd3 a5 21. b3 Rac8 22. Bb2 Qb8 23. Rab1 Qa8 24. Ne1 b5 25. Qf1 bxc4 26. bxc4 Ne7 27. Nd3 Ba7 28. c5 Rc7 29. g4 Qc8 30. Qe1 Bxg2 31. Kxg2 Bxc5 32. Qxa5 Nd5 33. Rdc1 Bb6 34. Qd2 Ne3+ 35. Kg3 Nc4 36. Qb4 Ba5 37. Qb5 Rd5 38. Qa4 Bd2 39. Rd1 Bc3 40. Bxc3 dxc3 41. Nb4 Nb2 0-1

[Event "ARG-ch U18"]
[Site "Ibague"]
[Date "2024.03.14"]
[Round "1"]
[White "Rueda Rojas, Richard Alejandro"]
[Black "Galeano Reyes, Juan Esteban"]
[Result "1-0"]
[WhiteElo "1921"]
[BlackElo "1555"]
[PlyCount "122"]
[EventDate "2024.03.14"]
[EventType "swiss"]
[EventRounds "7"]
[EventCountry "COL"]
[SourceTitle "CB12_2024"]
[SourceDate "2023.10.01"]
[SourceVersion "1"]
[SourceVersionDate "2023.10.01"]
[SourceQuality "1"]

1. Nf3 d5 2. g3 Nf6 3. Bg2 Bg4 4. c4 c6 5. 0-0 e6 6. d4 dxc4 7. Ne5 Be7 8. Bg5 Nbd7 9. Nxc4 0-0 10. Nc3 Nd5 11. Bxe7 Qxe7 12. f3 Bh5 13. e4 N5f6 14. g4 Bg6 15. f4 h6 16. Bf3 Qb4 17. Qb3 Qxb3 18. axb3 Nb6 19. f5 exf5 20. gxf5 Bh5 21. Bxh5 Nxh5 22. Nd6 Nd7 23. e5 c5 24. e6 cxd4 25. Ncb5 fxe6 26. fxe6 Rxf1+ 27. Rxf1 Ndf6 28. e7 a6 29. Nc7 Rb8 30. Nd5 d3 31. Nxf6+ Nxf6 32. Rxf6 gxf6 33. Kf2 b5 34. Ke3 d2 35. Kxd2 f5 36. Ke3 Kg7 37. Kf4 Kf6 38. e8Q Rxe8 39. Nxe8+ Ke6 40. Nc7+ Kd6 41. Nxa6 Kd5 42. Nc7+ Kc5 43. Kxf5 Kb4 44. Kg6 Kxb3 45. Nxb5 Kxb2 46. Kxh6 Kb3 47. h4 Kc4 48. h5 Kxb5 49. Kg7 Kc4 50. h6 Kd4 51. h7 Kd5 52. h8Q Ke4 53. Qh5 Kd4 54. Kf6 Ke4 55. Qe5+ Kd3 56. Qf4 Kc3 57. Qe4 Kb3 58. Qd4 Ka3 59. Qb6 Ka4 60. Ke5 Ka3 61. Kd4 Ka2 1-0

[Event "Medellin Flores op 30th"]
[Site "Medellin"]
[Date "2023.08.05"]
[Round "4"]
[White "Rueda Rojas, Richard Alejandro"]
[Black "Perez, William"]
[Result "1-0"]
[WhiteElo "1796"]
[BlackElo "1933"]
[PlyCount "81"]
[EventDate "2023.08.03"]
[EventType "swiss"]
[EventRounds "9"]
[EventCountry "COL"]
[SourceTitle "CBM 215 Extra"]
[Source "ChessBase"]
[SourceDate "2023.09.30"]
[SourceVersion "1"]
[SourceVersionDate "2023.09.30"]
[SourceQuality "1"]

1. Nf3 c5 2. g3 Nc6 3. Bg2 g6 4. 0-0 Bg7 5. c4 e5 6. Nc3 Nge7 7. e4 0-0 8. d3 d6 9. Ne1 h6 10. f4 f5 11. Be3 Kh7 12. Kh1 fxe4 13. dxe4 Nd4 14. Nd3 b6 15. Qd2 Be6 16. Nd5 Qd7 17. Rae1 Nec6 18. b3 Bg4 19. Bxd4 Nxd4 20. Ne3 Bh3 21. f5 Bxg2+ 22. Qxg2 Rab8 23. fxg6+ Kxg6 24. Nf5 b5 25. Nxd4 cxd4 26. c5 a5 27. Qe2 Rxf1+ 28. Rxf1 Rf8 29. Rxf8 Bxf8 30. Qf3 Be7 31. Kg2 Qe6 32. c6 Bd8 33. Qf8 Bc7 34. Nf2 d5 35. Ng4 Qxg4 36. Qg8+ Kh5 37. Qf7+ Qg6 38. g4+ Kxg4 39. Qxg6+ Kf4 40. Qg3+ Kxe4 41. Qf3# 1-0

[Event "Sabaneta op-A 2nd"]
[Site "Sabaneta Antioquia"]
[Date "2023.07.02"]
[Round "7"]
[White "Molina Ballesteros, Juan Sebastian"]
[Black "Rueda Rojas, Richard Alejandro"]
[Result "0-1"]
[WhiteElo "1780"]
[BlackElo "1752"]
[PlyCount "72"]
[EventDate "2023.06.28"]
[EventType "swiss"]
[EventRounds "9"]
[EventCountry "COL"]
[SourceTitle "CBM 215 Extra"]
[Source "ChessBase"]
[SourceDate "2023.09.30"]
[SourceVersion "1"]
[SourceVersionDate "2023.09.30"]
[SourceQuality "1"]

1. e4 Nf6 2. e5 Nd5 3. c4 Nb6 4. d4 d6 5. Nf3 g6 6. exd6 cxd6 7. b3 Bg7 8. Bb2 0-0 9. Nc3 d5 10. c5 N6d7 11. b4 e5 12. Nb5 e4 13. Nd2 Nc6 14. a3 a6 15. Nc3 Nxd4 16. Nxd5 Nxc5 17. Ne3 Nd3+ 18. Bxd3 exd3 19. Qb1 Nc2+ 20. Nxc2 dxc2 21. Qxc2 Re8+ 22. Kd1 Bf5 23. Qb3 Qxd2+ 24. Kxd2 Rad8+ 25. Kc1 Bh6+ 26. Qe3 Rxe3 27. Bd4 Re1+ 28. Kb2 Re2+ 29. Kb3 Bc2+ 30. Kc3 Rc8+ 31. Bc5 Bg7+ 32. Kc4 b5+ 33. Kd5 Be4+ 34. Kd6 Rd2+ 35. Ke7 Rc7+ 36. Ke8 Bc6# 0-1

[Event "COL-ch U18"]
[Site "Bogota"]
[Date "2023.05.12"]
[Round "2"]
[White "Rueda Rojas, Richard Alejandro"]
[Black "Munoz Triana, Joseph Steve"]
[Result "1/2-1/2"]
[WhiteElo "1708"]
[BlackElo "1888"]
[PlyCount "61"]
[EventDate "2023.05.11"]
[EventType "swiss"]
[EventRounds "7"]
[EventCountry "COL"]
[SourceTitle "CBM 214 Extra"]
[Source "ChessBase"]
[SourceDate "2023.07.31"]
[SourceVersion "1"]
[SourceVersionDate "2023.07.31"]
[SourceQuality "1"]

1. Nf3 Nf6 2. g3 b6 3. Bg2 Bb7 4. 0-0 c5 5. d4 cxd4 6. Nxd4 Bxg2 7. Kxg2 g6 8. c4 Bg7 9. Nc3 0-0 10. e4 Nc6 11. Nxc6 dxc6 12. Qf3 e5 13. Bg5 h6 14. Rad1 Qe7 15. Bxf6 Bxf6 16. Rd3 Rad8 17. Rfd1 Qe6 18. b3 Rxd3 19. Rxd3 Be7 20. Qd1 f5 21. exf5 gxf5 22. Rd7 Bb4 23. Ne2 f4 24. f3 fxg3 25. Nxg3 Rf7 26. Rxf7 Qxf7 27. Qd8+ Bf8 28. Qc8 Qg6 29. Qg4 Kf7 30. Qd7+ Be7 31. Qxa7 1/2-1/2

[Event "COL-ch U14"]
[Site "Cartagena"]
[Date "2023.04.16"]
[Round "7"]
[White "Rueda Rojas, Richard Alejandro"]
[Black "Hernandez Jimenez, Xavi"]
[Result "1-0"]
[WhiteElo "1736"]
[BlackElo "1773"]
[PlyCount "103"]
[EventDate "2023.04.13"]
[EventType "swiss"]
[EventRounds "7"]
[EventCountry "COL"]
[SourceTitle "CBM 213 Extra"]
[Source "ChessBase"]
[SourceDate "2023.05.31"]
[SourceVersion "1"]
[SourceVersionDate "2023.05.31"]
[SourceQuality "1"]

1. e4 e5 2. Nf3 Nc6 3. Bc4 Bc5 4. d4 exd4 5. c3 Nf6 6. e5 d5 7. Bb5 Ne4 8. cxd4 Bb6 9. Nc3 0-0 10. Be3 Bg4 11. h3 Bh5 12. Qc2 Bg6 13. Qb3 Ne7 14. 0-0 c6 15. Bd3 f5 16. Bxe4 fxe4 17. Ng5 Bf7 18. Na4 Nf5 19. Nxb6 axb6 20. Nxe4 dxe4 21. e6 Qf6 22. exf7+ Rxf7 23. Qxb6 Qg6 24. Qc5 Raf8 25. Qe5 Re7 26. Qh2 Rd8 27. Rad1 Qf7 28. Bg5 Nxd4 29. Bxe7 Qxe7 30. Kh1 c5 31. Qf4 Rf8 32. Qg4 Qf7 33. Qxe4 b6 34. b3 Qh5 35. b4 h6 36. bxc5 bxc5 37. Rc1 Rf3 38. Qg4 Qxg4 39. hxg4 Ra3 40. Rxc5 Rxa2 41. Re5 Kh7 42. Re4 Rd2 43. Kh2 Kg6 44. Ra1 Nb3 45. Ra6+ Kh7 46. Re7 Rd8 47. Raa7 Rg8 48. f4 Nd4 49. Rad7 Nc6 50. Re6 Nb4 51. f5 Nc2 52. f6 1-0

[Event "COL-ch U14"]
[Site "Cartagena"]
[Date "2023.04.15"]
[Round "5"]
[White "Rueda Rojas, Richard Alejandro"]
[Black "Alape, Juan David"]
[Result "1-0"]
[WhiteElo "1736"]
[BlackElo "1362"]
[PlyCount "113"]
[EventDate "2023.04.13"]
[EventType "swiss"]
[EventRounds "7"]
[EventCountry "COL"]
[SourceTitle "CBM 213 Extra"]
[Source "ChessBase"]
[SourceDate "2023.05.31"]
[SourceVersion "1"]
[SourceVersionDate "2023.05.31"]
[SourceQuality "1"]

1. e4 e5 2. Nf3 Nc6 3. d4 exd4 4. Bc4 Nf6 5. 0-0 Nxe4 6. Re1 d5 7. Bxd5 Qxd5 8. Nc3 Qh5 9. Nxe4 Be6 10. Bg5 Be7 11. Bxe7 Nxe7 12. Nxd4 Qxd1 13. Raxd1 0-0-0 14. Nxe6 fxe6 15. Ng5 Nc6 16. Nxe6 Rxd1 17. Rxd1 g6 18. Kf1 Re8 19. Ng5 h6 20. Nf3 Re6 21. c3 a5 22. Re1 Rd6 23. Ke2 b5 24. Rd1 Re6+ 25. Kd2 Ne5 26. Nxe5 Rxe5 27. Re1 Rd5+ 28. Kc2 Rf5 29. f3 Kd7 30. Re4 g5 31. c4 c6 32. Kc3 Kd6 33. a3 Rf8 34. Rd4+ Kc7 35. c5 Rf5 36. b4 axb4+ 37. axb4 h5 38. Kd3 Re5 39. Re4 Rd5+ 40. Rd4 Re5 41. Re4 Rd5+ 42. Ke3 Rd7 43. Re5 Rg7 44. Ke4 Kd7 45. Kf5 g4 46. Kf6 Rh7 47. Rg5 gxf3 48. gxf3 Rh8 49. Rg7+ Ke8 50. f4 h4 51. f5 h3 52. Ke6 Kf8 53. Rc7 Rh4 54. Rc8+ Kg7 55. f6+ Kg6 56. Rg8+ Kh7 57. f7 1-0

[Event "COL-chT Blitz"]
[Site "Santander"]
[Date "2022.10.09"]
[Round "8.1"]
[White "Peinado Rincon, Giovanny Alfredo"]
[Black "Rueda Rojas, Richard Alejandro"]
[Result "1-0"]
[WhiteElo "2130"]
[BlackElo "1497"]
[PlyCount "57"]
[EventDate "2022.09.10"]
[EventType "team-swiss (blitz)"]
[EventRounds "9"]
[EventCountry "COL"]
[SourceTitle "EXT 2023"]
[Source "ChessBase"]
[SourceDate "2022.10.05"]
[SourceVersion "1"]
[SourceVersionDate "2022.10.05"]
[SourceQuality "1"]
[WhiteTeam "Santander"]
[BlackTeam "Santander Chessfy"]
[WhiteTeamCountry "COL"]
[BlackTeamCountry "COL"]

1. d4 Nf6 2. Bf4 g6 3. Nc3 Bg7 4. e4 d6 5. Qd2 c6 6. f3 Qa5 7. 0-0-0 b5 8. Kb1 Nbd7 9. e5 Nh5 10. exd6 Nxf4 11. Qxf4 e6 12. h4 h5 13. g4 hxg4 14. fxg4 Nf6 15. Bg2 Bd7 16. g5 Nd5 17. Nxd5 cxd5 18. Nf3 Rc8 19. Ne5 Rf8 20. h5 gxh5 21. Rxh5 Qa4 22. b3 Qa6 23. Nxd7 Kxd7 24. Rh7 Qc6 25. Rd2 e5 26. dxe5 Bxe5 27. Qxe5 Rce8 28. Bh3+ Kd8 29. Qxd5 1-0